000 00476nam a2200181Ia 4500
005 20250423095810.0
008 250422s9999 xx 000 0 und d
020 _a0314931929
050 _aHF 1017 .K83/
100 _aKvanli, Alan H.
245 0 _aIntroduction to business statistics: a computer integrated approach
260 _aNew York
260 _bWest Publishing Company
260 _c1986
300 _a901 p
650 _aCommercial statistics.
942 _cBK
999 _c31365
_d31365